Editoriál

K nedožitým 90. rokom doc. Ing Františka Liptáka, PhD.DrSc.

Gespeichert in:
Bibliographische Detailangaben
1. Verfasser: Ljudvigová, Ivana
Format: Buchkapitel
Sprache:Slowakisch
Schlagworte:
Tags: Tag hinzufügen
Keine Tags, Fügen Sie das erste Tag hinzu!

MARC

LEADER 00000nla a2200000 4500
001 0246466
005 20240502073945.3
041 0 |a slo 
044 |a SK 
245 1 0 |a Editoriál  |c Ivana Ljudvigová 
520 |a K nedožitým 90. rokom doc. Ing Františka Liptáka, PhD.DrSc. 
610 2 0 |a životopisy 
610 2 0 |a manažment 
610 2 0 |a osobnosť 
610 2 0 |a Lipták, F. 
100 1 |a Ljudvigová, Ivana